Brownfields - building on previously developed land (Record no. 102930)

MARC details
000 -LEADER
fixed length control field 01063cam a2200229 4500
008 - FIXED-LENGTH DATA ELEMENTS--GENERAL INFORMATION
fixed length control field 030627n2003 000 0 eng u
020 ## - INTERNATIONAL STANDARD BOOK NUMBER
International Standard Book Number 1898671214
035 ## - SYSTEM CONTROL NUMBER
System control number (Sirsi) u122791
041 ## - LANGUAGE CODE
Language code of text/sound track or separate title eng
050 ## - LIBRARY OF CONGRESS CALL NUMBER
Classification number 333.73
-- 18
110 ## - MAIN ENTRY--CORPORATE NAME
Corporate name or jurisdiction name as entry element Construction Industry Council
9 (RLIN) 2417
245 ## - TITLE STATEMENT
Title Brownfields - building on previously developed land
Remainder of title a briefing guide for construction clients
260 ## - PUBLICATION, DISTRIBUTION, ETC.
Place of publication, distribution, etc. London
Name of publisher, distributor, etc. CIC
Date of publication, distribution, etc. 2003
300 ## - PHYSICAL DESCRIPTION
Extent 32p.
Dimensions 30cm
350 ## - PRICE (NR) (BK AM CF MU VM SE) [OBSOLETE]
Price 5
520 ## - SUMMARY, ETC.
Summary, etc. Although designed as a tool for clients this guide is also useful to construction professionals, providing a framework for developing brownfield land. The guide helps to identify the major technical issues in the development process, the clients' capabilities and ways to encourage a production dialogue between clients and their professional advisors.
650 ## - SUBJECT ADDED ENTRY--TOPICAL TERM
Topical term or geographic name entry element BROWNFIELD LAND
690 ## - LOCAL SUBJECT ADDED ENTRY--TOPICAL TERM (OCLC, RLIN)
Topical term or geographic name as entry element DEVELOPMENT-SUSTAINABLE
710 ## - ADDED ENTRY--CORPORATE NAME
Corporate name or jurisdiction name as entry element Construction Industry Research and Information Association
9 (RLIN) 4810
710 ## - ADDED ENTRY--CORPORATE NAME
Corporate name or jurisdiction name as entry element United Kingdom
Subordinate unit Department of Trade and Industry
942 ## - ADDED ENTRY ELEMENTS (KOHA)
Suppress in OPAC 0
Holdings
Withdrawn status Lost status Source of classification or shelving scheme Damaged status Not for loan Home library Current library Shelving location Date acquired Cost, normal purchase price Total Checkouts Full call number Barcode Date last seen Date last checked out Copy number Cost, replacement price Price effective from Koha item type
    Dewey Decimal Classification     London London Books 07/08/2003 5.00 6 CIRIA REPORTS 30067284 23/04/2024 12/12/2006 1 5.00 06/08/2019 Book